Battleships of the United States Navy- Level One - Statistics

General Stats
  • This quiz has been taken 1,097 times
  • The average score is 55 of 71
Answer Stats
Fate Hull Number Answer % Correct
Preserved as museum BB-35 USS Texas
92%
Sunk as Target BB-4 USS Iowa
91%
partially built, cancelled, scrapped BB-53 USS Iowa
91%
Preserved as Museum BB-61 USS Iowa
91%
Scrapped BB-11 USS Missouri
91%
Preserved as Museum BB-63 USS Missouri
91%
Sunk at Pearl Harbor, now a memorial BB-39 USS Arizona
90%
Sunk as target BB-34 USS New York
89%
partially built, cancelled, scrapped BB-52 USS North Carolina
87%
Preserved as Museum BB-55 USS North Carolina
87%
Scrapped BB-44 USS California
86%
Partially built, never completed, sunk as target BB-47 USS Washington
86%
Scrapped BB-56 USS Washington
86%
partially built, cancelled, scrapped BB-49 USS South Dakota
85%
Scrapped BB-57 USS South Dakota
85%
Sunk as target, then scrapped BB-8 USS Alabama
83%
Preserved as Museum BB-60 USS Alabama
83%
partially built, cancelled, scrapped BB-51 USS Montana
83%
never built BB-67 USS Montana
83%
Scrapped BB-26 USS South Carolina
83%
Scrapped BB-30 USS Florida
81%
Sunk as target BB-36 USS Nevada
81%
Sunk as target BB-16 USS New Jersey
81%
Preserved as Museum BB-62 USS New Jersey
81%
Scrapped BB-10 USS Maine
80%
never built BB-69 USS Maine
80%
Scrapped BB-40 USS New Mexico
80%
Scrapped BB-29 USS North Dakota
80%
Sunk at Pear Harbor, raised, sunk at sea BB-37 USS Oklahoma
80%
Scrapped BB-45 USS Colorado
78%
Scrapped BB-12 USS Ohio
78%
never built BB-68 USS Ohio
78%
Scrapped BB-9 USS Wisconsin
78%
Preserved as Museum BB-64 USS Wisconsin
78%
Sold to Greece, sunk in WWII, scrapped BB-24 USS Idaho
76%
Scrapped BB-42 USS Idaho
76%
Sunk as target, then Scrapped BB-1 USS Indiana
76%
partially built, cancelled, scrapped BB-50 USS Indiana
76%
Scrapped BB-58 USS Indiana
76%
Never Completed, scrapped BB-66 USS Kentucky
76%
Scrapped BB-3 USS Oregon
76%
Sunk as target BB-38 USS Pennsylvania
76%
Converted to target ship AG-16, sunk at Pearl Harbor BB-31 USS Utah
76%
Scrapped BB-6 USS Kentucky
75%
Scrapped BB-43 USS Tennessee
75%
Sunk as target BB-13 USS Virginia
75%
Sunk in Operation Crossroads BB-33 USS Arkansas
74%
Sold to Greece, sunk in WWII, scrapped BB-23 USS Mississippi
74%
Scrapped BB-41 USS Mississippi
74%
Scrapped BB-48 USS West Virginia
74%
Scrapped BB-32 USS Wyoming
74%
Scrapped BB-21 USS Kansas
73%
Scrapped BB-15 USS Georgia
72%
Scrapped BB-27 USS Michigan
72%
Scrapped BB-17 USS Rhode Island
72%
Scrapped BB-20 USS Vermont
72%
Scrapped BB-7 USS Illinois
71%
Never completed, scrapped BB-65 USS Illinois
71%
Scrapped BB-46 USS Maryland
71%
Sunk as target BB-2 USS Massachusetts
71%
partially built, cancelled, scrapped BB-54 USS Massachusetts
71%
Preserved as Museum BB-59 USS Massachusetts
71%
Scrapped BB-25 USS New Hampshire
71%
never built BB-70 USS New Hampshire
71%
Scrapped BB-19 USS Louisiana
68%
never built BB-71 USS Louisiana
68%
Scrapped BB-14 USS Nebraska
67%
Scrapped BB-28 USS Delaware
64%
Scrapped BB-22 USS Minnesota
64%
Scrapped BB-18 USS Connecticut
60%
Scrapped BB-5 USS Kearsarge
29%
No matching quizzes found
Score Distribution
Percent of People with Each Score
Percentile by Number Answered
Your Score History
You have not taken this quiz